Iron Man Black Sabbath Lyrics - Statistics

General Stats
  • This quiz has been taken 450 times
  • The average score is 21 of 28
Answer Stats
Lyrics Answer % Correct
Has he lost his __ Mind
99%
Can he __ or is he blind? See
99%
Is he ___ or dead Alive
94%
Can he __ at all? Walk
90%
Why should we even __? Care
88%
For the future of ____ Mankind
85%
___ wants him Nobody
84%
__ __ lives again! Iron Man
81%
They just turn their ___ Heads
79%
Nobody ___ him Wants
78%
For Iron Man to spread __ Fear
77%
He was turned to ___ Steel
77%
In the great ____ field Magnetic
76%
Or if he ___ will he fall? Moves
76%
Now the time is __ Here
75%
Now he has his ____ Revenge
75%
Kills the people he once ___ Saved
75%
When he travelled __ Time
72%
____ as fast as they can Running
71%
Has he _____ within his head? Thoughts
71%
He just stares at the ___ World
71%
Vengeance from the ___ Grave
69%
Heavy boots of __ Lead
69%
Planning his _____ Vengeance
66%
Fills his victims full of ___ Dread
65%
We'll just __ him there Pass
54%
Nobody __ him Helps
44%
That he will soon ___ Unfurl
33%
No matching quizzes found
Score Distribution
Percent of People with Each Score
Percentile by Number Answered
Your Score History
You have not taken this quiz